000 00467nam a2200181Ia 4500
001 2564
005 20260306144816.0
008 260306t2012||||xx |||||||||||||| ||spa||
041 _aESP
082 _a616.89143
_bC78
100 _aCornejo Parolini, Loretta Zaira
_eAUT
245 0 _aManual de terapia gestáltica aplicada a los adolescentes
260 _c2012
300 _a365 páginas :
_c21 cm.
650 _aGEN
654 _aCPS
942 _cLIB
_dJUS
_fJUS
_2ddc
_n
999 _c2564
_d2564